Visualizzazione normale
Vista MARC
- Buarque Chico
di Personal Name
Records bibliografici associati: 1
001 - CONTROL NUMBER
- control field: 18206
003 - CONTROL NUMBER IDENTIFIER
- control field: IT-RoPau
005 - DATE AND TIME OF LATEST TRANSACTION
- control field: 20140402085227.0
008 - FIXED-LENGTH DATA ELEMENTS
- fixed length control field: 140402|| aca||aabn | a|a d
040 ## - CATALOGING SOURCE
- Original cataloging agency: IT-RoPau
- Transcribing agency: IT-RoPau
100 ## - HEADING--PERSONAL NAME
- Personal name: Buarque Chico
- Miscellaneous information: Codice autore musica SPICS: 28322
- Relator term: Autore musica
- Name of part/section of a work: Valsinha
670 ## - SOURCE DATA FOUND
- Source citation: Work cat.: (IT-RoPau)100040: AA.VV. 794, Nel mondo, una cosa